JHCSC Library Logo Welcome to JHCSC LibraryWhere Every Page Begins a New Adventure.    Vision: A leading public higher education institution serving the ASEAN community through quality, innovative, and culture-sensitive programs.    Mission: To provide relevant and responsive programs in Agriculture, Education, and other fields aligned with its vision. It undertakes applied research, extension, and production services that yield practical and lasting solutions to sector-specific challenges, improving the socio-economic well-being of identified communities.

Operating System (Record no. 11359)

MARC details
000 -LEADER
fixed length control field 00558nam a22001937a 4500
005 - DATE AND TIME OF LATEST TRANSACTION
control field 20260223014530.0
008 - FIXED-LENGTH DATA ELEMENTS--GENERAL INFORMATION
fixed length control field 260223b |||||||| |||| 00| 0 eng d
020 ## - INTERNATIONAL STANDARD BOOK NUMBER
International Standard Book Number 981 4416 50 9
040 ## - CATALOGING SOURCE
Transcribing agency jhcsc
041 ## - LANGUAGE CODE
Language code of original eng
082 ## - DEWEY DECIMAL CLASSIFICATION NUMBER
Edition number 005.43
100 ## - MAIN ENTRY--PERSONAL NAME
9 (RLIN) 10171
Personal name Michael Palmer, Michael Walters
Relator term Author
245 ## - TITLE STATEMENT
Title Operating System
250 ## - EDITION STATEMENT
Edition statement Fourth Edition
260 ## - PUBLICATION, DISTRIBUTION, ETC.
Place of publication, distribution, etc. Pasig City Philippines
Name of publisher, distributor, etc. Cengage Learning Asia Pte Ltd
Date of publication, distribution, etc. 2012
300 ## - PHYSICAL DESCRIPTION
Extent 608 pages
Other physical details Includes Illustrations
760 ## - MAIN SERIES ENTRY
Edition Fourth Edition
942 ## - ADDED ENTRY ELEMENTS (KOHA)
Source of classification or shelving scheme Dewey Decimal Classification
Koha item type Book
Edition Fourth Edition
Holdings
Withdrawn status Lost status Source of classification or shelving scheme Damaged status Not for loan Collection code Home library Current library Shelving location Date acquired Total Checkouts Full call number Barcode Date last seen Price effective from Koha item type
    Dewey Decimal Classification     Information Technology JHCSC - Canuto MS Enero Campus Library JHCSC - Canuto MS Enero Campus Library Circulation 11/11/2014   005.43 P175 2012 2014 1379 02/23/2026 02/23/2026 Book
    Dewey Decimal Classification     Information Technology JHCSC - Canuto MS Enero Campus Library JHCSC - Canuto MS Enero Campus Library Circulation 11/11/2014   005.43 P175 2012 2014 1378 02/23/2026 02/23/2026 Book
    Dewey Decimal Classification     Information Technology JHCSC - Canuto MS Enero Campus Library JHCSC - Canuto MS Enero Campus Library Circulation 11/11/2014   005.43 P175 2012 2014 1377 02/23/2026 02/23/2026 Book
© J.H. Cerilles State College | All Rights Reserved
Designed by Terhevic L. Bation & Gerald Biad, Library IT Staff